000 01291nam a22003737a 4500
001 000050013
003 CHAP
005 20220329140230.0
008 971013s1984 r 00010 d
010 _a48950
011 _a49922
035 _a54072
040 _cCHAP
090 _aFolleto 8760
100 0 0 _aVera Gaxiola, Felipe.
_9118772
245 1 0 _aInventario de la infraestructura de caminos en la Estación Forestal Experimental de Zoquiapan, México.
246 1 _aTransmiciones de fuerza
260 _aChapingo, Méx. :
_bUACH. Departamento de Bosques,
_c1984.
300 _a24 p. :
_b: il.
490 _aBoletín técnico
_v; 21
500 _aAmbos títulos encuadernados juntos en el interior se encuentra "Transmisiones de fuerza /por Arturo López Acevedo" 12 p.
590 _aBATCH-UPD
_b10
_c20130110
_lUCH01
_h0746
590 _aBATCH-UPD
_b10
_c20130410
_lUCH01
_h0427
590 _aBATCH-UPD
_b10
_c20130914
_lUCH01
_h0654
590 _aCONVERSION
_b10
_c20130109
_lUCH01
_h1327
590 _aE11695DGD
_b10
_c20150204
_lUCH01
_h1149
650 1 4 _aCaminos forestales.
_917874
650 1 4 _aTransmisiones (tractores)
_9114633
700 0 _aAcevedo López, Arturo.
_9507
830 0 _aBoletín técnico
_v; 21
_913560
901 _aBK
942 _cFOLL
942 _n0
999 _c48950
_d48950